header

William Faulkner and southern history (Record no. 4311)

MARC details
000 -LEADER
fixed length control field 01380nam a2200337Ia 4500
100 1# - MAIN ENTRY--AUTHOR NAME
Personal name Williamson, Joel.
245 10 - TITLE STATEMENT
Title William Faulkner and southern history
260 ## - PUBLICATION, DISTRIBUTION, ETC. (IMPRINT)
Place of publication New York :
Name of publisher Oxford University Press,
Year of publication 1995, c1993.
300 ## - PHYSICAL DESCRIPTION
Number of Pages 509 p. :
Other physical details ill.
650 #0 - SUBJECT ADDED ENTRY--TOPICAL TERM
Topical Term Novelists, American
856 40 - ELECTRONIC LOCATION AND ACCESS
Uniform Resource Identifier http://site.ebrary.com/lib/rucke/Doc?id=10278659

No items available.

© 2026 Rongo University
Contact us: librarian | system librarian | Rongo university